Words That Rhyme With Things (literally) - Statistics

General Stats
  • This quiz has been taken 57 times
  • The average score is 11 of 15
Answer Stats
Hint Answer % Correct
Seats hanging from ropes or chains, that children like to play on. Swings
98%
A number of quick and carefree love affairs. Flings
94%
What a bird does at the crack of dawn. Sings
94%
What the phone does when you're in the shower. Rings
92%
A swarm of wasps has the potential to give you a lot of these. Stings
88%
If someone does you a favour without expecting one back, it comes with no: Strings
85%
What something does when it sticks to you and won't detach. Clings
83%
What the microwave does when your lazy dinner is ready. Pings
81%
A swarm of wasps has twice as many of these as there are wasps. Wings
79%
You can visit these to collect lovely fresh water out of the ground. Springs
77%
What you have on the front and back of your car if you're not very good at parking. Dings
73%
Every year you can watch the carol service broadcast from this Cambridge college. Kings
56%
There are a lot of these in India (they hold the most common surname). Singhs
52%
This is what a laundry mangle does. Wrings
50%
A number of heather plants. Lings
35%
No matching quizzes found
Score Distribution
Percent of People with Each Score
Percentile by Number Answered
Your Score History
You have not taken this quiz